zpět

Detail výsledku týmu

Hells Bells Beer Pub, Praha

Datum a čas kvízu

36.5 Celkem bodů Celkový počet nahraných bodů na tomto kvízu bez doplňovacích otázek.
5. Pořadí na kvízu Konečné umístění týmu na tomto kvízu.

Zaznamenané odpovědi

# Otázka Odpověď Body Výsledky
1. Čeští senátoři zvolili ve stře... 1
2. Český europoslanec, zvolený za... 1
3. Nejstreamovanější kapela roku... 1
4. Další výrobce luxusních vozů o... 0
5. Londýnský fotbalový klub Fulha... 0
5. Herečku Hanu Vagnerovou můžeme... 1
5. Jak zní křestní jméno italskéh... 0
8. Dvojnásobná olympijská vítězka... 0
5. Jak se jmenuje vítězka páté řa... 1
10. Přiřaďte jména známých osobnos... 1